000 00292nam a22001337a 4500
008 170602b xxu||||| |||| 00| 0 eng d
020 _a0743270037
041 _aeng
080 _24TH
_a94
100 _a17
101 _aSHH
245 _aTHE TIMETABLES OF HISTORY
_cGRUN,B
942 _2udc
_cBK
999 _c15792
_d15792